00403nam a22001457a 4500008004100000020001500041040001500056050002600071100001600097245004200113250001200155260005800167300001500225650001700240190222b xxu||||| |||| 00| 0 eng d a1292088938 aKABUcKABU aKD661b.A33 2016 c. 1 aAdams, Alix aLaw for business studentscAlix adams a9th ed. aHarlow, EnglandbPearson education Limitedc2016 c. 1 axl, 634 p. aBusiness law